Normal view
MARC view
Entry Topical Term
001 - CONTROL NUMBER
- control field: 619
003 - CONTROL NUMBER IDENTIFIER
- control field: BD-RjUL
005 - DATE AND TIME OF LATEST TRANSACTION
- control field: 20220109165251.0
008 - FIXED-LENGTH DATA ELEMENTS
- fixed length control field: 220109|| aca||aabn | a|a d
040 ## - CATALOGING SOURCE
- Original cataloging agency: BD-RjUL
- Transcribing agency: BD-RjUL
150 ## - HEADING--TOPICAL TERM
- Topical term or geographic name entry element: Islam
- General subdivision: History
670 ## - SOURCE DATA FOUND
- Source citation: Work cat.: (BD-RjUL)70956: الخشني، مصعب بن محمد، 1140-1208 618, شرح السيرة النبوية., ١٣٢٩[هج].